Statistiques concernant Les mots de la langue française terminés par "veau"

Cliquez ici pour prendre le quiz!

Statistiques générales

  • Ce quiz a été pris 93 fois
  • Le résultat moyen est 5 sur 15

Statistiques - réponses

QuestionRéponse% Correct
animalveau
99%
récentnouveau
84%
tombecaveau
77%
rigolecaniveau
70%
têtecerveau
67%
regainrenouveau
57%
outilniveau
49%
assemblageecheveau
12%
arbustebaliveau
5%
équerrebiveau
4%
pierreclaveau
4%
îlejaveau
1%
boulettegodiveau
0%
paniermaniveau
0%
agneauvassiveau
0%

Distribution des résultats

Percentile par nombre de réponses

% des personnes avec chaque résultat

Votre développement - résultats

Vous n’avez pas pris ce quiz